000 00507nam a2200181Ia 4500
005 20250326123616.0
008 250326s9999 xx 000 0 und d
037 _aTextbook
040 _aFMSL
_beng
_cFMSL
041 _aeng
_2eng
084 _aB288 K7
_qFMSL
100 _aKampthorne O
_9735613
245 0 _aDesign and analysis of experiments
_cKampthorne O
260 _aNew Delhi
_bNew Delhi, Wiley Eastern
_c1967
300 _a631p
942 _cTB
_hB288 K7
999 _c1270139
_d1270139